|
|
|
|
| LEADER |
01628njm a2200445 a 4500 |
| 001 |
000834079 |
| 003 |
CZ BrMZK |
| 005 |
20070111120137.0 |
| 007 |
sd fsngnnmmned |
| 008 |
061129s2006 xr || gs 1 cze d |
| 040 |
|
|
|a BOA001
|b cze
|
| 041 |
0 |
|
|a cze
|
| 043 |
|
|
|a e-xr---
|
| 072 |
|
7 |
|a 791/793
|x Divadlo, film, tanec (obecně)
|2 Konspekt
|9 3
|
| 080 |
|
|
|a 929
|2 MRF
|
| 080 |
|
|
|a 791/792.071.2
|2 MRF
|
| 080 |
|
|
|a (437.3)
|2 MRF
|
| 080 |
|
|
|a (047.53)
|2 MRF
|
| 080 |
|
|
|a (086.76)
|2 MRF
|
| 100 |
1 |
|
|a Werich, Jan,
|d 1905-1980
|7 jk01151601
|4 prf
|4 aus
|
| 245 |
0 |
0 |
|a Vyznání
|b Jan Werich
|h [zvukový záznam] :
|
| 246 |
3 |
2 |
|a Vyznání Jana Wericha
|
| 250 |
|
|
|a Premiérové vydání
|
| 260 |
|
|
|a Praha :
|b Lotos,
|c 2005
|
| 300 |
|
|
|a 1 zvuková deska (41:00) :
|b digital, stereo ;
|c 12 cm +
|e 1 leták (12 x 12 cm)
|
| 306 |
|
|
|a 004100
|
| 500 |
|
|
|a Kompaktní deska
|
| 500 |
|
|
|a Převzato z archivu České televize a Jiřího Borovičky.
|
| 508 |
|
|
|a Scénář Jan Werich, Václav Voska.
|
| 505 |
0 |
0 |
|t Václav Voska o V+W --
|t Rozhovor Václava Vosky s Janem Werichem --
|t Jan Werich - Vyznání
|
| 600 |
1 |
7 |
|a Voska, Václav,
|d 1918-1982
|7 jk01150744
|2 czenas
|
| 600 |
1 |
7 |
|a Werich, Jan,
|d 1905-1980
|7 jk01151601
|2 czenas
|
| 650 |
0 |
7 |
|a herci
|7 ph117199
|z Česko
|y 20. stol
|2 czenas
|
| 655 |
|
7 |
|a rozhovory
|7 fd133303
|2 czenas
|
| 655 |
|
7 |
|a kompaktní desky
|7 fd201991
|2 czenas
|
| 700 |
1 |
|
|a Voska, Václav,
|d 1918-1982
|7 jk01150744
|4 aus
|4 prf
|
| 910 |
2 |
|
|a BOA001
|b CDA-1178.404
|
| 990 |
|
|
|a AV
|
| 991 |
|
|
|b 200701
|
| 996 |
6 |
|
|b 2610297905
|c CDA-1178.404
|l MZK
|r Sklad / do 24 hodin
|n 0
|p p.v.
|w 000834079
|u 000010
|a 1
|e BOA001
|j MZK50
|s P
|